000 00339nam a22000977a 4500
008 160222b xxu||||| |||| 00| 0 eng d
100 _aSollors, Kuno
245 _aNichtpostalische Flugmarken Katalogisierung - Teil 7 Zepplin, Parseval & andere Luftschiffe
_bNon-postal Air Mail stamps
260 _aRembrucken, Germany
_c1973
650 _aZeppelin
999 _c1799
_d1799